000 nam a22 7a 4500
999 _c7173
_d7173
008 170726b xxu||||| |||| 00| 0 eng d
100 _93749
_aGururani
245 _aInformatics Practices
260 _aNew Delhi
_bMini Goyal